| 000 | 00349nam a22001457a 4500 | ||
|---|---|---|---|
| 020 | _qPB. | ||
| 040 | _cFIZZA ISHAQ | ||
| 082 |
_a174.962 _bJRM |
||
| 100 |
_aS. MICHEAL JR. _985891 |
||
| 245 |
_aENGINEERING ETHICS / _cJR. MICHEAL S. |
||
| 250 | _a4th ED. | ||
| 260 |
_aNEW DEHLI : _bLARING ENGAY, _c2009, |
||
| 300 | _a313 P. ; | ||
| 942 |
_2ddc _cBK |
||
| 999 |
_c587157 _d587157 |
||